Statistics for Ice Age Franchise

Click here to take the quiz!

General Stats

  • This quiz has been taken 34 times
  • The average score is 11 of 35

Answer Stats

TypeYearNameInfo% Correct
Film2002Ice Age20th Century Fox
100%
Video Game2002Ice AgeUbisoft
100%
Video Game2006Ice Age 2: The MeltdownVivendi Universal Games
96%
Film2006Ice Age: The Meltdown20th Century Fox
92%
Film2012Ice Age: Continental Drift20th Century Fox
80%
Film2009Ice Age: Dawn of the Dinosaurs20th Century Fox
80%
Video Game2009Ice Age: Dawn of the DinosaursActivision
80%
Film2016Ice Age: Collision Course20th Century Fox
68%
TV Short2011Ice Age: A Mammoth ChristmasFOX
32%
Video Game2012Ice Age VillageGameloft
28%
Short Film2006No Time for Nuts20th Century Fox
28%
Short Film2008Surviving Sid20th Century Fox
28%
Video Game2014Ice Age AdventuresGameloft
24%
Ice Show2016-PresentIce Age on IceChris Wedge
24%
TV Short2016Ice Age: The Great Egg-ScapadeFOX
24%
Short Film2002Gone Nutty20th Century Fox
20%
Video Game2012Ice Age: Continental Drift - Arctic GamesActivision
20%
Ice Show????-2016Ice Age Live! A Mammoth AdventureGuy Caron / Michael Curry
20%
Short Film2012Scrat's Continental Crack-Up20th Century Fox
20%
Short Film2016Scrat: Spaced Out20th Century Fox
16%
Video Game2019Ice Age: Scrat's Nutty AdventureOutright Games / Bandai Namco Entertainment
12%
Short Film2015Cosmic Scrat-tastrophe20th Century Fox
8%
Video Game2009Ice Age 3 - Boulder DropIce Candy Age
8%
Video Game2009Ice Age 3 - Dino DinnerIce Candy Age
8%
Video Game2009Ice Age 3 - Slippery SlopeIce Candy Age
8%
Video Game2016Ice Age: Arctic BlastZynga / Eat Sleep Play
8%
Video Game2015Ice Age AvalancheGameloft
8%
Video Game2012Ice Age - Clueless Ice SlothRainbow Dressup
8%
Video Game2016Ice Age - Coloring Book????
8%
Video Game2016Ice Age - Geode Jam!????
8%
Video Game2016Ice Age HailstormZynga
8%
Video Game2016Ice Age - Manic Meteor Run!Blue Sky Studios
8%
Video Game2016Ice Age - Matching Cards????
8%
Video Game2016Ice Age Mission Control????
8%
Video Game2012Ice Age OnlineBigpoint Games
8%

Score Distribution

Percentile by Number Answered

Percent of People with Each Score

Your Score History

You have not taken this quiz